| 000 | 00762nam a2200193Ii 4500 | ||
|---|---|---|---|
| 003 | JO-AjNU | ||
| 008 | 230605s9999||||xx |||||||||||||| ||und|| | ||
| 040 |
_aJO-AjNU _bara _erda _cJO-AjNU |
||
| 041 | _aara | ||
| 050 | 1 | 4 | _aBP155 2011 |
| 100 | 3 |
_aتاليف وحدة البحث العلمي بإدارة الإفتاء / الكويت, _eauthor _943693 |
|
| 245 | 0 | 0 | _aالتسهيل في فقة العبادات على مذهب الإمام أحمد بن حنبل |
| 264 | 3 | 1 | _aالكويت: وزارة الاوقاف والشئون والمقدسات الاسلامية، 2011 |
| 300 | _a457ص | ||
| 336 |
_atext _btxt _2rdacontent |
||
| 337 |
_aunmediated _bn _2rdamedia |
||
| 338 |
_avolume _bnc _2rdacarrier |
||
| 650 | 4 |
_aالفقة الحنبلي _943694 |
|
| 999 |
_aA18802 _c22370 _d22370 |
||